000 005030000a22001810004500
003 MACL
005 20160306144655.0
008 160306b xxu||||| |||| 00| 0 eng d
040 _aMACL
_cMACL
041 _aHindi
082 _a891.433
100 _aसे रा यात्री
_941213
245 _aदूसरे चेहरे
260 _bनीलाभ प्रकाशन
_c1971
_aइलाहाबाद
350 _a6
650 _aStories
_943584
942 _cHIN
_k891.433
_2ddc
999 _c26174
_d26174